[Event "Nationale I Jeune, Cannes"]
[Site "Cannes"]
[Date "1998.??.??"]
[Round "?"]
[White "Salinas, Deborah"]
[Black "Giordano, Julien"]
[Result "0-1"]
[WhiteElo "2720"]
[BlackElo "2730"]
[PlyCount "62"]
[EventDate "1998.??.??"]
[Source "www.chesslib.no"]
[SourceDate "2004.05.04"]

1. d4 d5 2. Nf3 Nf6 3. c4 e6 4. Nc3 c5 5. e3 Nc6 6. cxd5 exd5 7. Be2 Bf5 8. O-O c4 9. b3 Bb4 10. Bd2 Ne4 11. Nxe4 dxe4 12. Ne1 O-O 13. Nc2 Bxd2 14. Qxd2 Qg5 15. Rfe1 Bh3 16. g3 cxb3 17. axb3 Ne7 18. b4 Nd5 19. Rec1 f5 20. Ne1 f4 21. Nc2 fxg3 22. hxg3 Qf6 23. Bc4 Rad8 24. Rxa7 Kh8 25. Rxb7 Nc3 26. Na3 Qf3 27. Bf1 Bxf1 28. Rxf1 Ne2+ 29. Kh2 Rf6 30. Rb5 Rh6+ 31. Rh5 Rxh5# 0-1

[Event "Barcelona ESP"]
[Site "Barcelona ESP"]
[Date "1989.??.??"]
[Round "?"]
[White "Ljubojevic, Ljubomir"]
[Black "Kasparov, Gary"]
[Result "1/2-1/2"]
[WhiteElo "2580"]
[BlackElo "2775"]
[PlyCount "187"]
[EventDate "1989.??.??"]
[Source "www.chesslib.no"]
[SourceDate "2004.05.04"]

1. c4 c6 2. e4 d5 3. exd5 cxd5 4. d4 Nf6 5. Nc3 e6 6. Nf3 Be7 7. cxd5 exd5 8. Bd3 O-O 9. h3 Nc6 10. O-O Be6 11. Re1 Rc8 12. Bf4 Nh5 13. Bh2 g6 14. Qd2 Re8 15. Rad1 Bf8 16. Bf1 a6 17. Ne5 b5 18. Nxc6 Rxc6 19. Be5 Be7 20. g4 Nf6 21. Bg2 b4 22. Na4 Nd7 23. Bf4 Qa5 24. b3 Rec8 25. Rc1 Qb5 26. Bf1 Qb7 27. Rxc6 Rxc6 28. Bd3 Qc8 29. Kg2 Qb7 30. Bb1 Bf6 31. f3 Qa7 32. Rd1 a5 33. Bg3 Bg7 34. Bf2 Qc7 35. Re1 Qc8 36. Bd3 Bf8 37. Rd1 Bd6 38. Bg3 Bf8 39. Rh1 Bg7 40. Bf2 Bf8 41. h4 Nf6 42. Nc5 Bxg4 43. fxg4 Qxg4+ 44. Kf1 Qf3 45. Kg1 Qg4+ 46. Kf1 Qf3 47. Kg1 Ng4 48. Qe2 Qf4 49. Kg2 Nxf2 50. Qxf2 Qg4+ 51. Qg3 Qxd4 52. Nd7 Bd6 53. Qf3 Rc3 54. Nf6+ Kh8 55. Rd1 Qxh4 56. Nxd5 Qg5+ 57. Kf1 Rc1 58. Rxc1 Qxc1+ 59. Ke2 Qb2+ 60. Ke1 Kg7 61. Be2 Be5 62. Qe4 Qa1+ 63. Kf2 Bd4+ 64. Kg2 Bc5 65. Qf3 Qg1+ 66. Kh3 Qg5 67. Bc4 Bd6 68. Qe3 Qf5+ 69. Kg2 Qg4+ 70. Kf1 a4 71. Qf2 Qd1+ 72. Kg2 Qg4+ 73. Kf1 Qh3+ 74. Ke2 Qh5+ 75. Kd2 Qe5 76. Kd3 a3 77. Qd4 Qxd4+ 78. Kxd4 h5 79. Bf1 f5 80. Kc4 h4 81. Nxb4 Bxb4 82. Kxb4 g5 83. Kc3 g4 84. Kd3 h3 85. Ke3 Kf6 86. Kf4 Ke6 87. b4 Kd5 88. b5 Kc5 89. Kxf5 h2 90. Bg2 Kxb5 91. Kxg4 Kc4 92. Kg3 Kc3 93. Kxh2 Kb2 94. Bd5 1/2-1/2

[Event "Las Palmas (m/3)"]
[Site "?"]
[Date "1994.??.??"]
[Round "?"]
[White "Karpov, An"]
[Black "Morovic Fernandez, I."]
[Result "1-0"]
[WhiteElo "2740"]
[BlackElo "2605"]
[PlyCount "73"]
[EventDate "1994.??.??"]
[Source "ChessBase"]
[SourceDate "1994.02.01"]

1. c4 Nf6 2. Nf3 e6 3. d4 d5 4. e3 c5 5. Nc3 Nc6 6. cxd5 exd5 7. Bb5 Bd6 8. O-O O-O 9. h3 cxd4 10. exd4 h6 11. Re1 Bd7 12. Ne5 Rc8 13. a3 a6 14. Ba4 b5 15. Bb3 Be6 16. Bc2 Qb6 17. Be3 Rfd8 18. Ng4 Bxg4 19. hxg4 Bb8 20. Bf5 Rc7 21. a4 b4 22. a5 Nxa5 23. Na4 Qd6 24. g3 Ra7 25. g5 hxg5 26. Bxg5 Nc6 27. Rc1 Na5 28. Rc5 Nc4 29. b3 Na3 30. Kg2 Re7 31. Rh1 Rde8 32. Rh8+ Kxh8 33. Qh1+ Kg8 34. Bxf6 Qxg3+ 35. fxg3 Re2+ 36. Kh3 gxf6 37. Kg4 1-0

[Event "Tilburg"]
[Site "Tilburg"]
[Date "1983.??.??"]
[Round "?"]
[White "Karpov, Anatoly"]
[Black "Polugaevsky, Lev"]
[Result "1-0"]
[WhiteElo "2710"]
[BlackElo "2620"]
[PlyCount "113"]
[EventDate "1983.10.??"]
[Source "ChessBase"]

1. Nf3 Nf6 2. c4 c5 3. Nc3 Nc6 4. e3 e6 5. d4 d5 6. cxd5 exd5 7. Be2 cxd4 8. Nxd4 Bd6 9. O-O O-O 10. Bf3 Be5 11. Qd3 Nb4 12. Qd2 Bxd4 13. exd4 Bf5 14. Bd1 Re8 15. Na4 Nc6 16. f3 Qa5 17. Qxa5 Nxa5 18. Kf2 Nc6 19. Be3 Nb4 20. Bg5 Nd7 21. g4 Bg6 22. Bb3 Bc2 23. Bxc2 Nxc2 24. Rad1 f6 25. Bf4 Nf8 26. Rd2 Ne6 27. Bg3 Ncxd4 28. Rfd1 Nc6 29. Rxd5 Rad8 30. Rxd8 Rxd8 31. Rxd8+ Ncxd8 32. Ke3 Kf7 33. f4 g6 34. f5 gxf5 35. gxf5 Ng7 36. Ke4 Nc6 37. Bd6 Ne7 38. Nc5 b6 39. Na6 Ngxf5 40. Bb8 Ke6 41. Bxa7 Nd6+ 42. Kd3 Nd5 43. a4 f5 44. b4 f4 45. a5 bxa5 46. bxa5 Kd7 47. Nc5+ Kc6 48. Nb3 Nb4+ 49. Ke2 Kb5 50. Kf3 Nc6 51. Bb6 Nc4 52. Bc7 N4xa5 53. Nxa5 Nxa5 54. Bxa5 Kxa5 55. Kxf4 Kb5 56. Kg5 Kc5 57. Kh6 1-0

[Event "Mid-America Class ch"]
[Site "?"]
[Date "1994.??.??"]
[Round "?"]
[White "Ivanov, I."]
[Black "De Fermian"]
[Result "1-0"]
[WhiteElo "2595"]
[BlackElo "2670"]
[PlyCount "139"]
[EventDate "1994.??.??"]
[Source "www.chesslib.no"]
[SourceDate "2004.05.04"]

1. Nf3 c5 2. c4 Nf6 3. e3 e6 4. d4 d5 5. Nc3 Nc6 6. cxd5 exd5 7. Bb5 Bd6 8. O-O O-O 9. h3 Be6 10. dxc5 Bxc5 11. b3 Qd6 12. Na4 Bb4 13. Bb2 Ne4 14. Bxc6 bxc6 15. a3 Ba5 16. b4 Bd8 17. Rc1 f6 18. Bd4 Bc7 19. Bc5 Nxc5 20. Nxc5 Bc8 21. Qa4 a5 22. Rfd1 Ra7 23. b5 Bb6 24. Ne4 Qe6 25. Nc3 Bd7 26. Nd4 Bxd4 27. Qxd4 Rb7 28. b6 Rfb8 29. Na4 Qf7 30. Rc5 Kh8 31. Rxa5 Qg6 32. Kh2 Bf5 33. Rc1 h5 34. Rac5 Re8 35. f3 Qg5 36. h4 Qxe3 37. Qxe3 Rxe3 38. Rxc6 Rxa3 39. Nc5 Rb8 40. Rd1 Bc8 41. Rxd5 Bb7 42. Rxh5+ Kg8 43. Rc7 Bxf3 44. gxf3 Rxb6 45. Kg3 Rb1 46. Ne6 Rg1+ 47. Kf2 Raa1 48. Nd4 Rgf1+ 49. Kg3 Rg1+ 50. Kf4 Ra4 51. Rc8+ Kf7 52. Rd5 Rd1 53. Rcd8 Kg6 54. h5+ Kh7 55. Kg3 Rg1+ 56. Kf2 Raa1 57. Nf5 Rg5 58. Ng3 Ra2+ 59. Rd2 Raa5 60. Rc8 Rgb5 61. Kg2 Ra4 62. Re2 f5 63. Ree8 Kh6 64. Rc6+ Kh7 65. Re7 f4 66. Ne4 Kg8 67. Rcc7 Ra2+ 68. Kh3 Rxh5+ 69. Kg4 Rh6 70. Re8+ 1-0

[Event "Sarajevo"]
[Site "Sarajevo"]
[Date "1972.??.??"]
[Round "7"]
[White "Petrosian, Tigran V"]
[Black "Hort, Vlastimil"]
[Result "1-0"]
[WhiteElo "2645"]
[BlackElo "2605"]
[PlyCount "51"]
[EventDate "1972.??.??"]
[Source "ChessBase"]

1. Nf3 c5 2. b3 d5 3. e3 Nf6 4. Bb2 e6 5. c4 Nc6 6. cxd5 exd5 7. Be2 Be7 8. O-O O-O 9. d4 Bg4 10. dxc5 Bxc5 11. Nc3 Rc8 12. Rc1 Be7 13. Nd4 Bxe2 14. Ncxe2 Qd7 15. Nf4 Rfd8 16. Qd3 Ne4 17. Nxc6 bxc6 18. Rc2 Bf8 19. Rfc1 Qb7 20. Qe2 Re8 21. Qg4 g6 22. Qd1 Bd6 23. Nxd5 Rcd8 24. Rxc6 Rb8 25. f4 Re6 26. Qd4 1-0

[Event "Groningen PCA"]
[Site "Groningen"]
[Date "1993.??.??"]
[Round "2"]
[White "Hansen, Curt"]
[Black "Gulko, Boris F"]
[Result "1/2-1/2"]
[WhiteElo "2590"]
[BlackElo "2635"]
[PlyCount "155"]
[EventDate "1993.12.??"]
[Source "ChessBase"]

1. Nf3 c5 2. c4 Nc6 3. e3 e6 4. Nc3 Nf6 5. d4 d5 6. cxd5 exd5 7. Be2 cxd4 8. Nxd4 Bd6 9. O-O O-O 10. b3 Be5 11. Nxc6 bxc6 12. Bb2 Qc7 13. h3 Qe7 14. Bf3 Ba6 15. Re1 Rfd8 16. Qc2 Rac8 17. Rad1 g6 18. Na4 Bxb2 19. Qxb2 Bb5 20. Nc3 Ba6 21. Rd4 Rb8 22. Rc1 Nd7 23. Ra4 Rb6 24. Qa3 Qxa3 25. Rxa3 Ne5 26. Be2 Bxe2 27. Nxe2 a6 28. Ra5 Nd7 29. Nd4 c5 30. Ne2 Rd6 31. Rd1 Rc8 32. Nc3 Nf6 33. e4 d4 34. e5 Rdc6 35. exf6 dxc3 36. Rc1 Rxf6 37. Rxc3 Rfc6 38. Ra4 Kf8 39. Re4 h5 40. Kf1 Rd8 41. Ke2 Rcd6 42. Rc2 Rd5 43. h4 R8d7 44. g3 R7d6 45. Re3 Rd7 46. Rec3 Re5+ 47. Kf1 Rdd5 48. Rc4 Ke7 49. Ra4 Re6 50. Rcc4 Rd1+ 51. Kg2 Rd2 52. Re4 Rxe4 53. Rxe4+ Kd7 54. Ra4 Rd6 55. f3 Kc7 56. g4 hxg4 57. fxg4 Kb6 58. Rf4 Rd2+ 59. Rf2 Rd4 60. Kg3 Rd3+ 61. Kf4 Rd5 62. Rh2 g5+ 63. hxg5 Kb5 64. Rh5 Rd1 65. Ke5 Rf1 66. Rh6 Rg1 67. Rf6 Rxg4 68. Rf5 Rg2 69. Kf6 Rxa2 70. Kxf7 Rg2 71. g6 Kb4 72. g7 a5 73. Kf6 Rxg7 74. Kxg7 Kxb3 75. Rxc5 a4 76. Kf6 a3 77. Ke5 a2 78. Ra5 1/2-1/2

[Event "Bilbao"]
[Site "?"]
[Date "1987.??.??"]
[Round "?"]
[White "Karpov, A."]
[Black "Illescas Cordoba, M."]
[Result "1-0"]
[WhiteElo "2710"]
[BlackElo "2505"]
[PlyCount "95"]
[EventDate "1987.??.??"]
[Source "ChessBase"]
[SourceDate "1987.01.01"]

1. Nf3 Nf6 2. c4 c5 3. Nc3 Nc6 4. e3 e6 5. d4 d5 6. cxd5 exd5 7. Be2 cxd4 8. Nxd4 Bd6 9. O-O O-O 10. Bf3 Be5 11. Qd3 Bg4 12. Nxc6 bxc6 13. Bxg4 Nxg4 14. h3 Nf6 15. Rd1 Re8 16. Rb1 Qe7 17. Bd2 Rad8 18. b3 Qe6 19. Rbc1 Bb8 20. Be1 Qe5 21. g3 h5 22. Ne2 h4 23. Rxc6 Qh5 24. gxh4 Qf3 25. e4 Qh5 26. Ng3 Qxh4 27. Kg2 Nh5 28. Nxh5 Qxh5 29. Qf3 Qg5+ 30. Qg4 Qxg4+ 31. hxg4 Rxe4 32. Ba5 Rde8 33. Rxd5 Rxg4+ 34. Kh3 Rf4 35. Rd8 Rxd8 36. Bxd8 Be5 37. Bh4 f6 38. Ra6 Bd4 39. Ra4 g5 40. Bg3 g4+ 41. Kg2 Re4 42. Bb8 f5 43. Bxa7 Bxa7 44. Rxa7 Kf8 45. Ra5 Rf4 46. Ra4 Rf3 47. Rb4 Ke7 48. a4 1-0

[Event "SSKK Bulletinen 40 years"]
[Site "SSKK Bulletinen 40 years"]
[Date "1994.??.??"]
[Round "?"]
[White "Soltau, Achim"]
[Black "Joffe, Manne"]
[Result "1/2-1/2"]
[WhiteElo "2540"]
[BlackElo "2660"]
[PlyCount "139"]
[EventDate "1994.??.??"]
[Source "www.chesslib.no"]
[SourceDate "2004.05.04"]

1. Nf3 c5 2. c4 Nf6 3. Nc3 e6 4. e3 d5 5. d4 Nc6 6. cxd5 exd5 7. Be2 Bd6 8. Nb5 b6 9. Nxd6+ Qxd6 10. b3 O-O 11. dxc5 bxc5 12. Bb2 Rd8 13. O-O Nb4 14. a3 Na6 15. Qc2 h6 16. Rfd1 Bg4 17. h3 Bh5 18. Bxa6 Qxa6 19. Qxc5 Rac8 20. Qe7 Rd7 21. Qb4 Bxf3 22. gxf3 Rb7 23. Qf4 Rc6 24. Rac1 Rxb3 25. Rxc6 Qxc6 26. Rc1 Qe6 27. Bxf6 Qxf6 28. Rc8+ Kh7 29. Qxf6 gxf6 30. Rc6 Rxa3 31. Rxf6 Kg7 32. Rd6 Ra1+ 33. Kg2 a5 34. Rxd5 a4 35. Kg3 a3 36. Kf4 Ra2 37. Ra5 Rxf2 38. Rxa3 Rb2 39. e4 Rb5 40. e5 Rb4+ 41. Kf5 Rc4 42. f4 Rb4 43. Rg3+ Kf8 44. h4 Ra4 45. Re3 Kg7 46. Re4 Ra1 47. Rd4 Rb1 48. Kg4 Rg1+ 49. Kf3 Rf1+ 50. Ke2 Ra1 51. Rd1 Ra2+ 52. Kf3 Rb2 53. Rd8 Rb1 54. Rd7 Kf8 55. Kg4 Rg1+ 56. Kf5 Rf1 57. h5 Kg8 58. Rd4 Kg7 59. e6 fxe6+ 60. Kxe6 Re1+ 61. Kf5 Re7 62. Rd6 Rf7+ 63. Ke5 Re7+ 64. Re6 Ra7 65. Rg6+ Kh7 66. Rd6 Kg7 67. f5 Re7+ 68. Kd5 Re1 69. Rg6+ Kf7 70. Rxh6 1/2-1/2

[Event "Open"]
[Site "Geneve"]
[Date "2004.01.26"]
[Round "3"]
[White "Georgiev, Vladimir"]
[Black "Shariyazdanov, Andrey"]
[Result "1/2-1/2"]
[WhiteElo "2596"]
[BlackElo "2580"]
[PlyCount "76"]
[EventDate "2004.??.??"]
[Source "Roberto Alvarez"]
[SourceDate "2004.02.23"]

1. c4 Nf6 2. Nc3 e6 3. Nf3 c5 4. e3 Nc6 5. d4 d5 6. cxd5 exd5 7. Be2 cxd4 8. Nxd4 Bd6 9. O-O O-O 10. b3 a6 11. Bb2 Qd7 12. Nxc6 bxc6 13. h3 Qe7 14. Na4 Be6 15. Rc1 c5 16. Bf3 Rad8 17. Qd2 Nd7 18. Rfd1 Qg5 19. Kf1 Rfe8 20. Qd3 d4 21. exd4 Qf4 22. g3 Bxh3+ 23. Bg2 Qg4 24. Kg1 Nf6 25. Bxh3 Qxh3 26. Qf1 Qh5 27. Qg2 Ne4 28. g4 Qh4 29. dxc5 Bxc5 30. Nxc5 Rxd1+ 31. Rxd1 Nxc5 32. Qf3 Ne6 33. Kg2 h6 34. Bc1 Qe7 35. Qc6 Rb8 36. Rd7 Qb4 37. Qf3 Rf8 38. Bd2 Qb8 1/2-1/2

[Event "Beer_Sheva"]
[Site "?"]
[Date "1993.??.??"]
[Round "?"]
[White "Greenfeld, A."]
[Black "Psakhis, L."]
[Result "1/2-1/2"]
[WhiteElo "2590"]
[BlackElo "2585"]
[PlyCount "119"]
[EventDate "1993.??.??"]
[Source "ChessBase"]
[SourceDate "1994.02.01"]

1. Nf3 Nf6 2. c4 e6 3. d4 c5 4. e3 d5 5. Nc3 a6 6. cxd5 exd5 7. Be2 Nc6 8. O-O Bd6 9. dxc5 Bxc5 10. b3 O-O 11. Bb2 Bg4 12. Rc1 Ba7 13. Nd4 Bxd4 14. Bxg4 Be5 15. Bf3 Qd6 16. g3 Rac8 17. Qd3 Rfd8 18. Rfd1 Qe6 19. Ba1 d4 20. Bxc6 Rxc6 21. Ne2 Qh3 22. f3 Rxc1 23. Rxc1 h5 24. Nxd4 h4 25. Qf1 Qxf1+ 26. Kxf1 hxg3 27. hxg3 Nd5 28. Ke2 Re8 29. e4 Bxg3 30. Nf5 Be5 31. Bxe5 Rxe5 32. Nd6 Re7 33. Nxb7 Nb4 34. Rc8+ Kh7 35. Nc5 Nxa2 36. Nxa6 Rb7 37. Rc2 Nb4 38. Nxb4 Rxb4 39. Rb2 Kg6 40. Kd3 Kg5 41. Kc3 Rb8 42. Rd2 Kf4 43. Rd3 Rc8+ 44. Kb2 Rb8 45. Ka3 Ra8+ 46. Kb4 g5 47. Kc4 Rc8+ 48. Kb5 Rb8+ 49. Kc6 f6 50. Kc7 Rb4 51. Kc6 Rb8 52. Kc7 Rb4 53. Kd6 Rb8 54. Ke6 Rb6+ 55. Ke7 f5 56. exf5 Kxf5 57. Kd7 Kf4 58. Kc7 Rb4 59. Kd6 Kg3 60. Ke6 1/2-1/2

[Event "Manises exh m2 5'"]
[Site "Manises"]
[Date "2001.06.14"]
[Round "2.3"]
[White "Arizmendi Martinez, Julen Luis"]
[Black "Karpov, Anatoly"]
[Result "1/2-1/2"]
[WhiteElo "2478"]
[BlackElo "2692"]
[PlyCount "29"]
[EventDate "2001.06.14"]
[Source "ChessBase"]
[SourceDate "2001.07.03"]

1. e4 c6 2. d4 d5 3. exd5 cxd5 4. c4 Nf6 5. Nc3 e6 6. cxd5 exd5 7. Nf3 Be7 8. Bd3 O-O 9. h3 Nc6 10. O-O h6 11. Re1 Re8 12. Bf4 Bf8 13. Qd2 Rxe1+ 14. Rxe1 Be6 15. Bb1 1/2-1/2

[Event "It (open)"]
[Site "Balaguer (Spain)"]
[Date "2007.07.25"]
[Round "10"]
[White "Gelashvili Tamaz (GEO)"]
[Black "Luther Thomas (GER)"]
[Result "0-1"]
[WhiteElo "2604"]
[BlackElo "2529"]
[PlyCount "64"]
[EventDate "2007.??.??"]
[Source "www.chesslib.no"]
[SourceDate "2004.05.04"]

1. d4 e6 2. c4 d5 3. Nf3 a6 4. e3 Nf6 5. Nc3 c5 6. cxd5 exd5 7. Be2 Nc6 8. O-O cxd4 9. Nxd4 Bd6 10. Nxc6 bxc6 11. b3 Qc7 12. f4 O-O 13. Qc2 Re8 14. Kh1 c5 15. Bf3 Bb7 16. Na4 d4 17. Bxb7 Qxb7 18. exd4 cxd4 19. Bb2 Re4 20. Qd3 Rd8 21. Rad1 Bf8 22. Qf3 Qe7 23. Bc1 Re2 24. Ba3 Qe4 25. Bb2 Qxf3 26. Rxf3 Ne4 27. Kg1 d3 28. h3 Rc8 29. Kh2 Rcc2 30. Rg1 d2 31. Nc3 Nxc3 32. Bxc3 Rxg2+ 0-1

[Event "Wijk aan Zee NED"]
[Site "Wijk aan Zee NED"]
[Date "1995.??.??"]
[Round "12"]
[White "Van der Sterren, Paul"]
[Black "Van der Wiel, John T H"]
[Result "1/2-1/2"]
[WhiteElo "2560"]
[BlackElo "2570"]
[PlyCount "72"]
[EventDate "1995.??.??"]
[Source "www.chesslib.no"]
[SourceDate "2004.05.04"]

1. Nf3 c5 2. c4 Nf6 3. Nc3 Nc6 4. e3 e6 5. d4 d5 6. cxd5 exd5 7. Be2 cxd4 8. Nxd4 Bd6 9. O-O O-O 10. b3 Nxd4 11. Qxd4 Re8 12. Bb2 Be5 13. Qd2 Bg4 14. Bb5 Bd7 15. Bxd7 Qxd7 16. Rad1 Rac8 17. Na4 Qf5 18. Bxe5 Qxe5 19. Qd4 Qxd4 20. exd4 Rc2 21. a3 h5 22. h3 b6 23. Rd3 Ra2 24. b4 Ree2 25. Rf3 Red2 26. Nc3 Rxa3 27. Na2 Ra4 28. Rd3 Ra6 29. Rc3 Nd7 30. Rcc1 g5 31. Rc6 Rc2 32. Kh1 Nf8 33. g4 Rc3 34. Rxc3 Ng6 35. Ra1 Rxa2 36. Rc7 Ra3 1/2-1/2

[Event "Elenite"]
[Site "Elenite"]
[Date "1992.??.??"]
[Round "10"]
[White "Razuvaev, Yuri S"]
[Black "Sax, Gyula"]
[Result "1/2-1/2"]
[WhiteElo "2565"]
[BlackElo "2565"]
[PlyCount "26"]
[EventDate "1992.??.??"]
[Source "ChessBase"]

1. d4 Nf6 2. c4 e6 3. Nf3 c5 4. e3 d5 5. Nc3 Nc6 6. cxd5 exd5 7. Bb5 Bd6 8. dxc5 Bxc5 9. O-O O-O 10. b3 Bg4 11. Bb2 Bd6 12. Be2 Re8 13. Nd4 Bxe2 1/2-1/2

[Event "Copenhagen BSF"]
[Site "Copenhagen"]
[Date "1995.??.??"]
[Round "9"]
[White "Hansen, Curt"]
[Black "Emms, John M"]
[Result "1/2-1/2"]
[WhiteElo "2630"]
[BlackElo "2500"]
[PlyCount "69"]
[EventDate "1995.03.??"]
[Source "ChessBase"]

1. c4 c5 2. Nf3 Nc6 3. Nc3 Nf6 4. e3 e6 5. d4 d5 6. cxd5 exd5 7. Be2 a6 8. O-O Bd6 9. dxc5 Bxc5 10. b3 O-O 11. Na4 Ba7 12. Ba3 Re8 13. Bc5 Bxc5 14. Nxc5 Qe7 15. Rc1 Bg4 16. Nd4 Nxd4 17. Bxg4 Ne6 18. Bxe6 fxe6 19. Qd4 Rac8 20. Nd3 h6 21. h3 Ne4 22. Qb2 Qf6 23. Rxc8 Rxc8 24. Rc1 Rc3 25. Rxc3 Qxc3 26. Qxc3 Nxc3 27. a4 b6 28. Kf1 Ne4 29. b4 Kf7 30. f3 Nc3 31. a5 bxa5 32. bxa5 Nb5 33. Nc5 Na3 34. Ke2 Ke7 35. Nxa6 1/2-1/2

[Event "Hoogovens op"]
[Site "Wijk aan Zee"]
[Date "1995.??.??"]
[Round "12"]
[White "Van der Sterren, Paul"]
[Black "Van der Wiel, John TH"]
[Result "1/2-1/2"]
[WhiteElo "2560"]
[BlackElo "2570"]
[PlyCount "72"]
[EventDate "1995.01.??"]
[Source "ChessBase"]

1. Nf3 c5 2. c4 Nf6 3. Nc3 Nc6 4. e3 e6 5. d4 d5 6. cxd5 exd5 7. Be2 cxd4 8. Nxd4 Bd6 9. O-O O-O 10. b3 Nxd4 11. Qxd4 Re8 12. Bb2 Be5 13. Qd2 Bg4 14. Bb5 Bd7 15. Bxd7 Qxd7 16. Rad1 Rac8 17. Na4 Qf5 18. Bxe5 Qxe5 19. Qd4 Qxd4 20. exd4 Rc2 21. a3 h5 22. h3 b6 23. Rd3 Ra2 24. b4 Ree2 25. Rf3 Red2 26. Nc3 Rxa3 27. Nb1 Rxf3 28. Nxd2 Rd3 29. Nf3 Ne4 30. Ra1 f6 31. Rxa7 Rd1+ 32. Kh2 Nxf2 33. Kg3 Nd3 34. Rb7 Nxb4 35. Kh4 Nc2 36. Kxh5 Nxd4 1/2-1/2

[Event "New York op"]
[Site "New York"]
[Date "1987.??.??"]
[Round "?"]
[White "Spraggett, Kevin"]
[Black "Alburt, Lev O"]
[Result "1/2-1/2"]
[WhiteElo "2550"]
[BlackElo "2575"]
[PlyCount "23"]
[EventDate "1987.04.??"]
[Source "ChessBase"]

1. c4 Nf6 2. b3 c5 3. Bb2 Nc6 4. Nf3 e6 5. e3 Be7 6. Be2 d5 7. cxd5 exd5 8. O-O O-O 9. d4 Bg4 10. dxc5 Bxc5 11. Nc3 a6 12. Rc1 1/2-1/2

[Event "EUCup Moscow-ZSKA"]
[Site "Moscow"]
[Date "1990.??.??"]
[Round "?"]
[White "Makarichev, Sergey"]
[Black "Balashov, Yuri S"]
[Result "1/2-1/2"]
[WhiteElo "2545"]
[BlackElo "2575"]
[PlyCount "44"]
[EventDate "1990.??.??"]
[Source "ChessBase"]

1. c4 Nf6 2. Nc3 e6 3. Nf3 d5 4. e3 c5 5. d4 Nc6 6. cxd5 exd5 7. Bb5 Bd6 8. dxc5 Bxc5 9. O-O O-O 10. b3 Bg4 11. Bb2 Rc8 12. Rc1 Bd6 13. Be2 a6 14. Nd4 Bxe2 15. Ncxe2 Nxd4 16. Qxd4 Rxc1 17. Rxc1 Re8 18. Ng3 Be5 19. Qd2 Bxb2 20. Qxb2 Qd7 21. Qd4 Rc8 22. Rxc8+ Qxc8 1/2-1/2

[Event "Reykjavik op"]
[Site "Reykjavik"]
[Date "1990.??.??"]
[Round "8"]
[White "Razuvaev, Yuri S"]
[Black "Olafsson, Helgi"]
[Result "1/2-1/2"]
[WhiteElo "2545"]
[BlackElo "2575"]
[PlyCount "33"]
[EventDate "1990.03.??"]
[Source "ChessBase"]

1. Nf3 c5 2. c4 Nf6 3. Nc3 Nc6 4. e3 e6 5. d4 d5 6. cxd5 exd5 7. Bb5 Bd6 8. dxc5 Bxc5 9. O-O O-O 10. b3 Bg4 11. Bb2 Bd6 12. Be2 Rc8 13. Nd4 Bxe2 14. Ncxe2 Re8 15. Nf3 Ne4 16. Ned4 Qf6 17. Rc1 1/2-1/2

[Event "Europa ch 2008"]
[Site "Plovdiv BUL"]
[Date "2008.04.29"]
[Round "8.44"]
[White "Tomashevsky, Evgeny"]
[Black "Sanikidze, Tornike"]
[Result "1/2-1/2"]
[WhiteElo "2658"]
[BlackElo "2458"]
[PlyCount "200"]
[EventDate "2008.04.21"]
[Source "www.chesslib.no"]
[SourceDate "2004.05.04"]

1. Nf3 Nf6 2. c4 e6 3. d4 d5 4. e3 c5 5. Nc3 Nc6 6. cxd5 exd5 7. Bb5 cxd4 8. exd4 Bd6 9. O-O O-O 10. h3 h6 11. Re1 Re8 12. Rxe8+ Qxe8 13. Be3 Bf5 14. Qb3 a6 15. Bf1 Na5 16. Qb6 Qd8 17. Qxd8+ Rxd8 18. Na4 Ne4 19. Nc5 Nxc5 20. dxc5 Be7 21. Nd4 Bd7 22. Rc1 Bf6 23. b3 Kf8 24. Rd1 Nc6 25. Be2 Nxd4 26. Bxd4 Bxd4 27. Rxd4 Bc6 28. f3 Ke7 29. Kf2 Kd7 30. f4 Kc7 31. Bh5 Rd7 32. Bg4 Rd8 33. Bf3 b6 34. cxb6+ Kxb6 35. b4 a5 36. a3 axb4 37. axb4 Ra8 38. Ke3 Re8+ 39. Kd3 Ra8 40. Kc3 Rc8 41. Kb3 g5 42. fxg5 hxg5 43. Bxd5 Rd8 44. Kc4 Bb5+ 45. Kc3 Rc8+ 46. Kd2 Rd8 47. Ke3 f5 48. Bc4 Re8+ 49. Kf2 Bc6 50. Rd6 Kc7 51. Rg6 Rb8 52. Rg7+ Kd6 53. Rg6+ Kc7 54. Rxg5 Rxb4 55. Be2 Bd7 56. Rg6 Kd8 57. Rg7 Rb2 58. Ke1 Rb1+ 59. Kd2 Rb2+ 60. Kd1 Ba4+ 61. Ke1 Rb1+ 62. Kf2 Rb2 63. Rg3 Ke7 64. Re3+ Kf6 65. Kg3 Rb3 66. Rxb3 Bxb3 67. Kf4 Be6 68. h4 Bd5 69. g3 Bc6 70. Bd3 Bd7 71. Bc2 Be6 72. Ba4 Bc8 73. Be8 Be6 74. Bb5 Bc8 75. Bd3 Bd7 76. h5 Be6 77. h6 Bd7 78. Bc2 Be6 79. Bb1 Bd7 80. h7 Kg7 81. Bxf5 Bb5 82. g4 Be2 83. g5 Bh5 84. Ke5 Bf7 85. Kd6 Kh8 86. Ke7 Bh5 87. Be4 Kg7 88. Bd3 Kh8 89. Kf6 Bg6 90. Bf5 Bh5 91. Be6 Bg6 92. Bf5 Bh5 93. Ke6 Bf7+ 94. Ke7 Bh5 95. Bd3 Bf7 96. Be4 Bh5 97. Kf6 Bg6 98. Bf5 Bh5 99. Be6 Bg6 100. Bf7 Bd3 1/2-1/2

[Event "DEN-ch"]
[Site "Esbjerg"]
[Date "1997.03.28"]
[Round "7"]
[White "Hansen, Curt"]
[Black "Schandorff, Lars"]
[Result "1/2-1/2"]
[WhiteElo "2605"]
[BlackElo "2510"]
[PlyCount "102"]
[EventDate "1997.03.22"]
[Source "ChessBase"]
[SourceDate "1997.10.13"]

1. c4 c5 2. Nf3 Nf6 3. Nc3 Nc6 4. e3 e6 5. d4 d5 6. cxd5 exd5 7. Bb5 Bd6 8. O-O O-O 9. dxc5 Bxc5 10. b3 Bg4 11. Bb2 Bd6 12. h3 Bh5 13. Be2 Bb8 14. Nh4 Bxe2 15. Nxe2 Be5 16. Nd4 Nxd4 17. Bxd4 Bxd4 18. Qxd4 Re8 19. Nf3 Qa5 20. a4 Rac8 21. b4 Qa6 22. b5 Qa5 23. Rfc1 h6 24. Ne5 Qb6 25. Rxc8 Rxc8 26. Qxb6 axb6 27. a5 bxa5 28. Rxa5 Ne4 29. f3 Nd6 30. b6 Nc4 31. Rxd5 Nxb6 32. Rb5 Nc4 33. Nxc4 Rxc4 34. Rxb7 h5 35. e4 g6 36. h4 Rc1+ 37. Kf2 Rc2+ 38. Kg3 Rd2 39. Rb1 Kg7 40. Rf1 Rb2 41. Rf2 Rb1 42. Kf4 Ra1 43. Rb2 Ra7 44. Rd2 Rb7 45. Rd3 Rb2 46. g3 Rb7 47. g4 hxg4 48. Kxg4 Rb1 49. f4 Rg1+ 50. Rg3 f5+ 51. exf5 gxf5+ 1/2-1/2

[Event "Raipur IND"]
[Site "?"]
[Date "2002.03.??"]
[Round "8"]
[White "Shariyazdanov Andrey"]
[Black "Kotsur Pavel"]
[Result "1/2-1/2"]
[WhiteElo "2532"]
[BlackElo "2578"]
[PlyCount "23"]
[EventDate "2002.??.??"]
[Source "www.chesslib.no"]
[SourceDate "2004.05.04"]

1. Nf3 c5 2. c4 Nc6 3. Nc3 Nf6 4. e3 e6 5. d4 d5 6. cxd5 exd5 7. Bb5 cxd4 8. exd4 Bd6 9. O-O O-O 10. Bg5 Be6 11. Re1 h6 12. Bh4 1/2-1/2

[Event "URS-ch1L"]
[Site "Kischniev"]
[Date "1975.??.??"]
[Round "?"]
[White "Grigoryan, Karen A"]
[Black "Bronstein, David I"]
[Result "0-1"]
[WhiteElo "2520"]
[BlackElo "2590"]
[PlyCount "77"]
[EventDate "1975.10.??"]
[Source "www.chesslib.no"]
[SourceDate "2004.05.04"]

1. d4 e6 2. Nf3 d5 3. c4 c5 4. Nc3 cxd4 5. Nxd4 Nf6 6. cxd5 Nxd5 7. Bd2 Be7 8. e4 Nb4 9. Be3 O-O 10. a3 N4c6 11. Ndb5 Nd7 12. Be2 a6 13. Nd6 Qc7 14. Nc4 Rd8 15. Qc1 b5 16. Bf4 Qa7 17. Nd6 Nd4 18. Qd1 Bf6 19. O-O Ne5 20. Nxc8 Raxc8 21. Be3 Qc7 22. Bxd4 Rxd4 23. Qb3 Nc4 24. Rfc1 Rd2 25. Bxc4 bxc4 26. Qa4 Qc5 27. Rf1 Rxb2 28. Rac1 Rb3 29. Nb1 Qb5 30. Qxb5 axb5 31. Rfd1 g5 32. Rc2 Kg7 33. Kf1 Rd8 34. Re1 Ra8 35. Ke2 Be7 36. Nd2 Rbxa3 37. Rb1 Ra2 38. Rcc1 Rd8 39. Rd1 0-1

[Event "Bern Open"]
[Site "Bern SUI"]
[Date "1995.??.??"]
[Round "5"]
[White "Chernin, Alexander M"]
[Black "Sher, Miron N"]
[Result "1/2-1/2"]
[WhiteElo "2600"]
[BlackElo "2510"]
[PlyCount "43"]
[EventDate "1995.02.??"]
[Source "www.chesslib.no"]
[SourceDate "2004.05.04"]

1. d4 e6 2. c4 Nf6 3. Nf3 d5 4. Nc3 c5 5. e3 a6 6. cxd5 exd5 7. Be2 Nc6 8. O-O Bd6 9. dxc5 Bxc5 10. b3 O-O 11. Bb2 Ba7 12. Na4 Ne4 13. Rc1 Qd6 14. Nd4 Bd7 15. Nxc6 bxc6 16. Bd3 Rae8 17. Bxe4 Rxe4 18. Bd4 Bxd4 19. exd4 Qb4 20. a3 Qxd4 21. Nc5 Bg4 22. Qxd4 1/2-1/2